| 000 | 00649cam a22001571 4500 | ||
|---|---|---|---|
| 082 |
_a913 _bWIL |
||
| 100 | 1 |
_aWillcocks, William, _950543 |
|
| 245 | 1 | 0 |
_aFrom the garden of Eden to the crossing of the Jordan, _cby Sir William Willcocks ... with four folding plates. |
| 250 | _a3d ed. | ||
| 260 |
_aLondon, _bE. & F. N. Spon, limited; _aNew York, _bSpon & Chamberlain, _c1929 |
||
| 300 |
_a100 p. _bfold. maps. _c25 cm. |
||
| 500 | _a"Given originally as lectures before the Egyptian institute and the Sultanish geographical society of Cairo in 1913 and 1917." | ||
| 526 |
_a0 _b0 _c0 _d913_000000000000000_WIL |
||
| 650 |
_aMCE _9379 |
||
| 942 |
_2ddc _cBK |
||
| 999 |
_c553425 _d553425 |
||